The Politickle Pickle (Record no. 334032)

MARC details
000 -LEADER
fixed length control field 00437nam a2200169Ia 4500
008 - FIXED-LENGTH DATA ELEMENTS--GENERAL INFORMATION
fixed length control field 230718s9999 xx 000 0 und d
020 ## - INTERNATIONAL STANDARD BOOK NUMBER
International Standard Book Number 9789351160953
041 ## - LANGUAGE CODE
Language code of text/sound track or separate title eng
082 ## - DEWEY DECIMAL CLASSIFICATION NUMBER
Classification number 741.5
Item number NAV
100 ## - MAIN ENTRY--PERSONAL NAME
Personal name Navare S.
9 (RLIN) 195183
245 ## - TITLE STATEMENT
Title The Politickle Pickle
260 ## - PUBLICATION, DISTRIBUTION, ETC. (IMPRINT)
Date of publication, distribution, etc. 2013
Name of publisher, distributor, etc. Collins
300 ## - PHYSICAL DESCRIPTION
Extent 194
365 ## - TRADE PRICE
Currency code Rs.
Price amount 299.00
700 ## - ADDED ENTRY--PERSONAL NAME
Personal name Navare S.
9 (RLIN) 195183
906 ## - LOCAL DATA ELEMENT F, LDF (RLIN)
d O:0355519-Nov-2013B:441825-Oct-2013
c GENRL
b 65.78
Holdings
Withdrawn status Lost status Damaged status Not for loan Home library Current library Date acquired Vendor Budget Code Cost, normal purchase price Bill number Total Checkouts Full call number Barcode Date last seen Date last checked out Discount Cost, replacement price Bill Date Koha item type Original Barcode
        Cummins College of Engineering for Women Pune Cummins College of Engineering for Women Pune 19/11/2013 Technical Book Services GENRL 233.22 4418 2 741.5 CCEP-BK-45239 07/01/2026 15/12/2025 65.78 299.00 25/10/2013 Books 045239